03578cam a22003737i 450000100090000000300090000900500170001800800410003502000180007603500240009404001010011804300120021908200200023110000390025124501250029026400390041526400100045430000560046433600260052033700280054633800270057450000230060150514230062452007780204765000280282565000440285365000390289765300210293665500240295790600450298194200120302699900170303895201490305520070139EG-ScBUE20220620120508.0171017t2018 enka f d 000 0 eng d a9780500021491 a(OCoLC)on1026327355 aERASAbengerdacERASAdYDXdBDXdCDXdOCLCFdNYPdU3GdUVVdNRCdVP@dOCLdOCLCQdDLCdEG-ScBUE ae-uk-en04a746.92bAND2221 aAnderson, Richard,d1964-eauthor.10aMaking the cut :bstories of sartorial icons by Savile Row's master tailor : with 230 illustrations /cRichard Anderson. 1aLondon :bThames & Hudson,c[2018] 4cc2018 a207 pages :billustrations (chiefly color) ;c30 cm atextbtxt2rdacontent aunmediatedbn2rdamedia avolumebnc2rdacarrier aIncludes glossary.00gMachine generated contents note:tA Good Shape: Pattern-And Suitmaking Basics --tLight Fare --tSingle-Breasted Red Seersucker Coat with Double-Breasted Peaked Lapel --tSingle-Breasted Turquoise Crepe Coat --tSingle-Breasted Lilac Gabardine Asymmetric Coat --tSingle-Breasted Cream Linen Waistcoat --tMint-Green Cash-Cot Safari Coat --tDouble-Breasted Navy Blue Cashmere-Silk Dressing Gown --tStrong Suits --tSingle-Breasted Japanese Denim Suit --tDouble-Breasted Suit in Black Asymmetric Pinstripe --tSingle-Breasted Suit in `Harvey Check' --tAtypical Tweeds --tSingle-Breasted Coat in Patchwork Tweed --tSingle-Breasted Three-Piece Suit in Italian Donegal Tweed --tTwo-Piece Shooting Suit with Pleated Back in Lovat Thornproof Tweed --tSingle-Breasted Coat in Ardalanish Pebble Diamond Twill --tTop Coats --tClassic Pea Coat in Orange Billiard-Table Baize --tRed Melton Duffel Coat --tSingle-Breasted Orange Cord Raglan Car Coat --tClassic Bomber Jacket in Irish Donegal Tweed --tDouble-Breasted Large Black-and-White Prince of Wales Check Overcoat --tSingle-Breasted Black Alpaca Dress Overcoat --tRegalia Redux --tSingle-Breasted Two-Button Frock Coat in Black Barathea --tTartan Morning Coat --tHunt Morning Coat in Scarlet Cashmere --tCharcoal Nehru Coat with Polka-Dot Lining --tLight Blue Single-Breasted Dinner Jacket in Wool Denim --tSingle-Breasted Black Sequined Dinner Jacket.8 aBespoke tailoring has been synonymous with 'Savile Row' for more than 150 years. Its venerable institutions are responsible for producing the world's most exquisite suits for elite clients, who include celebrated entertainers, athletes, businessmen, politicians, and royals. Now, as the Row moves firmly into the twenty- first century, its tailors are embracing unusual fabrics, new colors, and modern tastes to update its long- held traditions and reach an ever broader client base. Master cutter Richard Anderson has worked on 'Savile Row' for more than thirty-five years. In 'Making the Cut', he combines memoir with tailoring know- how, showcasing twenty- five classic menswear designs that have been creatively adapted in new and unusual ways for the modern gentleman. 7aGarment cutting.2BUEsh 7aMen's clothingzEnglandzLondon.2BUEsh 7aTailoringzEnglandzLondon.2BUEsh bGGENcAugust2021 vReading book934232 a7bcbcccopycatd2eepcnf20gy-gencatlg 2ddccBB c29303d29274 00102ddc40708AlahramaMAINbMAINc2NDd2021-08-03ePurchaseg599.00h274o746.92 ANDp000050469r2025-07-15 00:00:00v748.75w2021-08-03yBB